00547 2200181 4500001002100000008004700021035002000068245010700088100002300195250000600218260002300224300003100247020001800278084001800296082001200314650002700326990001200353INLIS000000000002228 Indonesia  a0010-1224000152 aBuku Saku Pemeriksaan Laboratorium & Diagnostik Dengan Implikasi Keperawatan (Ed.2)cJoyce LeFever Kee aKee, Joyce LeFever a2 aJakartabEGCc1997 axiv, 409 hal;c12,5x19 cm. a979-448-356-7 a616.075 KEE b a616.075 aDiagnosis laboratorium a0002827